Nature and properties of soils / (Record no. 15405)
[ view plain ]
| 000 -LEADER | |
|---|---|
| fixed length control field | 00375cam a2200145ua 4500 |
| 020 ## - INTERNATIONAL STANDARD BOOK NUMBER | |
| ISBN | 9789332519107 |
| 082 ## - DEWEY DECIMAL CLASSIFICATION NUMBER | |
| Classification number | 631.4 |
| Item number | BRA/NA |
| 100 ## - MAIN ENTRY--AUTHOR NAME | |
| Personal name | Brady, Nyle C . |
| 245 ## - TITLE STATEMENT | |
| Title | Nature and properties of soils / |
| 250 ## - EDITION STATEMENT | |
| Edition statement | 14 |
| 260 ## - PUBLICATION, DISTRIBUTION, ETC. (IMPRINT) | |
| Place of publication | New Delhi : |
| Name of publisher | Dorling Kindersley (India) Pvt. Ltd. |
| Year of publication | 2014 |
| 300 ## - PHYSICAL DESCRIPTION | |
| Number of Pages | 1645p; . |
| 700 1# - ADDED ENTRY--PERSONAL NAME | |
| Personal name | Well, Ray R . |
| 942 ## - ADDED ENTRY ELEMENTS (KOHA) | |
| Koha item type | Books |
| Withdrawn status | Lost status | Damaged status | Collection code | Home library | Current library | Shelving location | Date acquired | Source of acquisition | Cost, normal purchase price | Full call number | Accession Number | Koha item type |
|---|---|---|---|---|---|---|---|---|---|---|---|---|
| KAUAET | KAUAET | General Stacks | 31/03/2018 | Vigyan Books | 1139.00 | 631.4 BRA/NA | 25712 | Books | ||||
| KAUAET | KAUAET | General Stacks | 31/03/2018 | Vigyan Books | 1139.00 | 631.4 BRA/NA | 25713 | Books | ||||
| KAUAET | KAUAET | General Stacks | 31/03/2018 | Vigyan Books | 1139.00 | 631.4 BRA/NA | 25714 | Books |
